1173 1652 1184 1873 1130 1639 1576 1813 1647 1031 1426 1383 1000 1760 1259 1396 1593 1620 1028 1134 1023 1165 1859 1815 1750 1999 1731 1620 1182 1380 1782 1875 1824 1150 1987 1010 1057 1610 1152 1422 1271 1078 1802 1733 1078 1426 1889 1235 1794 1565 1671 1791 1751 1645 1825 1807 1487 1098 1584 1273 1945 1523 1999 1547 1143 1573 1688 1543 1764 1342 1254 1685 1034 1030 1615 1280 1001 1393 1562 1793 1050 1520 1730 1177 1250 1081 1669 1245 1549 1321 1578 1723 1405 1580 1054 1672 1739 1845 1254 BCNSPRNW ULIB Ver.6.0+V

เปลี่ยนเป็นภาษาไทย

Change to English
 แสดงรายละเอียดบรรณานุกรม
  กลับหน้าหลัก

Brief Record : Get Marc (ISO 2709) : E-mail record : QR code < ปิดหน้าต่าง
LEADER : 00000nam 2200000uu 4500
001    13399124066
003     ULIB
008    150109s2556||||th 000 0 tha d
020    ^a9786169121527
060  4 ^aWO100^bศ338ท ล.16
245 00 ^aศัลยศาสตร์ทั่วไป.^nเล่ม 16,^pMilestones in general surgery /^cบรรณาธิการ พรพรหม เมืองแมน ... [และคนอื่น ๆ]
246 30 ^aMilestones in general surgery
250    ^aพิมพ์ครั้งที่ 1
260    ^aกรุงเทพฯ :^bโฆสิตการพิมพ์,^c2556
300    ^a[14], 457 หน้า :^bภาพประกอบ
650  7 ^aศัลยศาสตร์^vการประชุม
650  7 ^aศัลยกรรม^vการประชุม
650  7 ^aศัลยศาสตร์^vรวมเรื่อง
650  7 ^aศัลยกรรม^vรวมเรื่อง
700 0  ^aพรพรหม เมืองแมน,^eบรรณาธิการ
945    ^p690^l0^i038044
945    ^p690^l0^i038045
945    ^p690^l0^i038046
945    ^p690^l0^i038047
945    ^p690^l0^i038048
945    ^p690^l0^i038049
945    ^p690^l0^i038050
945    ^p690^l0^i038051
999    ^aเกษร โพธิ์สุวรรณ
รายการนี้ยังไม่มีแท็ก
คุณยังไม่ได้ล็อกอิน คุณสามารถมีกิจกรรมร่วมกับเว็บไซต์ได้ แต่ต้องล็อกอินก่อน ::
  ล็อกอิน

รายการสื่อสารสนเทศ

ลำดับที่ ประเภท เลขเรียก/บาร์โค้ด สถานที่ สถานะ
1. วิทยาศาสตร์การแพทย์ และสุขภาพ
หนังสือสำรอง
สถานะ=หนังสือสำรอง
WO100 ศ338ท ล.16 ฉ.1 
  Barcode: 038044
ห้องสมุดวิทยาเขตสวรรค์ประชารักษ์
►ส่วนจัดเก็บหนังสือเก่า สปร
บนชั้น
  ขอยืม
2. วิทยาศาสตร์การแพทย์ และสุขภาพ
วิทยาศาสตร์การแพทย์ และสุขภาพ
WO100 ศ338ท ล.16 ฉ.2 
  Barcode: 038045
ห้องสมุดวิทยาเขตสวรรค์ประชารักษ์
►ส่วนจัดเก็บหนังสือเก่า สปร
บนชั้น
  ขอยืม
3. วิทยาศาสตร์การแพทย์ และสุขภาพ
วิทยาศาสตร์การแพทย์ และสุขภาพ
WO100 ศ338ท ล.16 ฉ.3 
  Barcode: 038046
ห้องสมุดวิทยาเขตสวรรค์ประชารักษ์
►ส่วนจัดเก็บหนังสือเก่า สปร
บนชั้น
  ขอยืม
4. วิทยาศาสตร์การแพทย์ และสุขภาพ
วิทยาศาสตร์การแพทย์ และสุขภาพ
WO100 ศ338ท ล.16 ฉ.4 
  Barcode: 038047
ห้องสมุดวิทยาเขตสวรรค์ประชารักษ์
►ส่วนจัดเก็บหนังสือเก่า สปร
บนชั้น
  ขอยืม
5. วิทยาศาสตร์การแพทย์ และสุขภาพ
วิทยาศาสตร์การแพทย์ และสุขภาพ
WO100 ศ338ท ล.16 ฉ.5 
  Barcode: 038048
ห้องสมุดวิทยาเขตสวรรค์ประชารักษ์
►ส่วนจัดเก็บหนังสือเก่า สปร
บนชั้น
  ขอยืม
6. วิทยาศาสตร์การแพทย์ และสุขภาพ
วิทยาศาสตร์การแพทย์ และสุขภาพ
WO100 ศ338ท ล.16 ฉ.6 
  Barcode: 038049
ห้องสมุดวิทยาเขตสวรรค์ประชารักษ์
►ส่วนจัดเก็บหนังสือเก่า สปร
บนชั้น
  ขอยืม
7. วิทยาศาสตร์การแพทย์ และสุขภาพ
วิทยาศาสตร์การแพทย์ และสุขภาพ
WO100 ศ338ท ล.16 ฉ.7 
  Barcode: 038050
ห้องสมุดวิทยาเขตสวรรค์ประชารักษ์
►ส่วนจัดเก็บหนังสือเก่า สปร
บนชั้น
  ขอยืม
8. วิทยาศาสตร์การแพทย์ และสุขภาพ
วิทยาศาสตร์การแพทย์ และสุขภาพ
WO100 ศ338ท ล.16 ฉ.8 
  Barcode: 038051
ห้องสมุดวิทยาเขตสวรรค์ประชารักษ์
►ส่วนจัดเก็บหนังสือเก่า สปร
บนชั้น
  ขอยืม

รายการใกล้เคียง
    หัวเรื่อง [ศัลยศาสตร์ รวมเรื่อง]

BibComment


ยังไม่เคยถูกคอมเมนท์

คอมเมนท์ทรัพยากรรายการนี้
  คอมเมนท์: ศัลยศาสตร์ทั่วไป..


 Copyright 2026. Bcnsprnw @Library